Vzdelávanie a kvalita života v nástupe informačných a komunikačných technológií v SR dizertačná práca

Uložené v:
Podrobná bibliografia
Hlavný autor: Švandová, Jana, 1985-
Korporativný autor: Národohospodárska fakulta EU. Katedra sociálneho rozvoja a práce
Ďalší autori: Alexy, Július, 1926-2024
Médium: Kniha
Jazyk:Slovak
Vydavateľské údaje: Bratislava 2015
Predmet:
Tagy: Pridať tag
Žiadne tagy, Buďte prvý, kto otaguje tento záznam!

MARC

LEADER 00000nbm a2200000 4500
001 0202385
005 20230302104857.1
041 0 |a slo 
044 |a SK 
245 1 0 |a Vzdelávanie a kvalita života v nástupe informačných a komunikačných technológií v SR  |b dizertačná práca  |c Jana Švandová ; školiteľ: Július Alexy 
264 1 |a Bratislava  |c 2015 
300 |a 124 s. 
610 2 0 |a vzdelávanie 
610 2 0 |a kvalita života 
610 2 0 |a úroveň životná 
610 2 0 |a spoločnosť informačná 
610 2 0 |a technológie informačné 
610 2 0 |a technológie komunikačné 
100 1 |a Švandová, Jana, 1985- 
700 1 |a Alexy, Július, 1926-2024 
710 2 |a Národohospodárska fakulta EU. Katedra sociálneho rozvoja a práce